000 00387nam a2200133Ia 4500
008 220216s9999 xx 000 0 und d
100 _aOzupek Sebnem
245 0 _aFinite element method for the study of belt edge delaminations in truck tires
260 _bRubber Chemistry and Technology
_c2005
300 _a557-571
650 _aTruck tires
700 _aBecker Eric B
942 _cJS
999 _c59426
_d59426